| 000 | 02553nam a2200421 a 4500 | ||
|---|---|---|---|
| 001 | 17967078 | ||
| 008 | 190529s2013 ||||||||||||||||| || u | ||
| 010 | _a2013444222 | ||
| 020 | _a9780323077620 | ||
| 020 | _a0323100791 (hbk.) | ||
| 020 | _a0323077625 (expert consult) | ||
| 020 | _a9780323100793 (hbk.) | ||
| 050 | _aSF 911 Fos | ||
| 100 | _aHuff, Theodore G | ||
| 245 | 1 | 0 |
_aSmall animal surgery (4th edition) _cby Theresa Welch Fossum. Laura Pardi Duprey, Theodore G. Huff, medical illustrators. |
| 250 | _a4th edition | ||
| 260 |
_aSt. Louis, Mo _bElsevier _c2013 |
||
| 260 |
_aSt. Louis, Mo _bElsevier Mosby _c2013 |
||
| 300 | _axx, 1619 pages : illustrated (chiefly col.) | ||
| 350 | _a174.82 | ||
| 500 | _aIncludes bibliographical references and index. | ||
| 650 | 2 | _aANIMALS, DOMESTIC--SURGERY | |
| 650 | 2 | _aSURGERY, VETERENARY | |
| 650 | 0 | _aVETERINARY SURGERY | |
| 650 | 0 | _aPET MEDICINE | |
| 650 | 0 | _aDOMESTIC ANIMALS--DISEASES | |
| 650 | 2 | _aANIMAL DISEASES--SURGERY | |
| 700 | _aFossum, Theresa Welch | ||
| 700 | _aDuprey, Laura Pardi | ||
| 995 |
_aMICHAEL CHILUFYA SATA OPEN ACCESS _e904754 _FCBU-SCHOOL OF MEDICINE LIBRARY (Ndola) _I174.82 _jSF 911 Fos _M11 _UAVAILABLE _WFeb 6, 2020 _y904754 _ZMedical Library Open Access Collection |
||
| 995 |
_aMICHAEL CHILUFYA SATA OPEN ACCESS _e904753 _FCBU-SCHOOL OF MEDICINE LIBRARY (Ndola) _I174.82 _jSF 911 Fos _M10 _UAVAILABLE _WFeb 6, 2020 _y904753 _ZMedical Library Open Access Collection |
||
| 995 |
_aMAIN LIBRARY OPEN ACCESS _e749145 _FCBU-MAIN LIBRARY (Kitwe) _I174.82 _jSF 911 Fos _M5 _UAVAILABLE _WJun 11, 2019 _y749145 _ZMain Library Open Access Collection |
||
| 995 |
_aMEDICAL LIBRARY OPEN ACCESS _e904303 _FCBU-SCHOOL OF MEDICINE LIBRARY (Ndola) _I174.82 _jSF 911 Fos _M6 _UAVAILABLE _WJun 24, 2019 _y904303 _ZMedical Library Open Access Collection |
||
| 995 |
_aMAIN LIBRARY OPEN ACCESS _e749144 _FCBU-MAIN LIBRARY (Kitwe) _I174.82 _jSF 911 Fos _M4 _UAVAILABLE _WJun 11, 2019 _y749144 _ZMain Library Open Access Collection |
||
| 995 |
_aMEDICAL LIBRARY OPEN ACCESS _e904304 _FCBU-SCHOOL OF MEDICINE LIBRARY (Ndola) _I174.82 _jSF 911 Fos _M8 _UAVAILABLE _WJun 24, 2019 _y904304 _ZMedical Library Open Access Collection |
||
| 995 |
_aMEDICAL LIBRARY OPEN ACCESS _e904302 _FCBU-SCHOOL OF MEDICINE LIBRARY (Ndola) _I174.82 _jSF 911 Fos _M7 _UAVAILABLE _WJun 24, 2019 _y904302 _ZMedical Library Open Access Collection |
||
| 995 |
_aMICHAEL CHILUFYA SATA OPEN ACCESS _e904752 _FCBU-SCHOOL OF MEDICINE LIBRARY (Ndola) _I174.82 _jSF 911 Fos _M9 _UAVAILABLE _WFeb 6, 2020 _y904752 _ZMedical Library Open Access Collection |
||
| 999 |
_c76537 _d76537 |
||